LEADER 00548nab a2200145 i 4500 001 000000287010 003 CaOOAMICUS 005 20180831165342.0 008 180831n xx uu u0 0und r 013 $a40677 040 $aSeMil$bita 245 10$aUmkehr, Bube und Versöhnung. - 24 p. - Titolo principale dalla copertina. 500 $a2000/2. 773 0 $tBeiheft zu den Katechetischen Blättern [2000].$dMünchen : Kösel, 2000.$w()240976 996 $6245$aUmkehr, Bube und Versöhnung. - 24 p. - Titolo principale dalla copertina$9(OLS)http://semarc/title/367408 LEADER 01037nam a2200205 i 4500 001 000000244678 003 CaOOAMICUS 005 20150813000000.0 008 150813s1760 it u000 u ita u 013 $a223583 026 $asira 8.a- 1,m- meti (3) 1760 (R) 040 $aSeMil$bita 245 10$aTomo 2. 300 $aXII, 252 p. 500 $aSegn. : a6 A-2G4 2H6. 500 $aMarca editoriale: La Religione: Donna seduta con croce nella mano sinistra e fiammella nella destra, alla sua destra un elefante (Repertorio consultato: Marques d'impressors, Univ. di Barcellona). 773 0 $aJoly, Claude <1610-1678>$tRagionamenti a' parrocchiani sopra varj soggetti di morale di monsignor Claudio Joli vescovo, e conte d'Agen, divisi in due tomi, trasportati dall'idioma francese nell'italiano. Tomo 1. [-2.].$dIn Venezia : Presso Gio: Battista Recurti, 1760.$g2$w()32434 850 $aSeMil 852 $aSeMil$W1$xVenegono$y1$m3F V 131 FA$j195024$B195024$CSeMilBibl$Z2$F205665 $8I 996 $6245$aTomo 2$9(OLS)http://semarc/title/49331